Alle Formel 1 Weltmeister nach umgekehrter Reihenfolge - Statistiken

Allgemein
  • Dieses Quiz wurde 794 mal gespielt
    532 seit der letzten Aktualisierung
  • Das Durchschnittsergebnis liegt bei 56 aus 74
Antwortstatistiken
Jahr Konstrukteur Weltmeister % Korrekt
2022 Red Bull Max Verstappen
98%
2020 Mercedes Lewis Hamilton
96%
2021 Red Bull Max Verstappen
96%
2023 Red Bull Max Verstappen
95%
2019 Mercedes Lewis Hamilton
94%
2018 Mercedes Lewis Hamilton
94%
2017 Mercedes Lewis Hamilton
94%
2013 Red Bull Sebastian Vettel
93%
2012 Red Bull Sebastian Vettel
93%
2011 Red Bull Sebastian Vettel
93%
2010 Red Bull Sebastian Vettel
93%
2015 Mercedes Lewis Hamilton
92%
2014 Mercedes Lewis Hamilton
92%
2004 Ferrari Michael Schumacher
91%
2003 Ferrari Michael Schumacher
91%
2002 Ferrari Michael Schumacher
91%
2001 Ferrari Michael Schumacher
91%
2000 Ferrari Michael Schumacher
91%
2016 Mercedes Nico Rosberg
91%
2006 Renault Fernando Alonso
89%
2005 Renault Fernando Alonso
89%
2009 Brawn GP Jenson Button
89%
2008 McLaren Lewis Hamilton
89%
2007 Ferrari Kimi Räikkönen
85%
1994 Benetton-Ford Michael Schumacher
83%
1999 McLaren-Mercedes Mika Häkkinen
83%
1991 McLaren-Honda Ayrton Senna
82%
1990 McLaren-Honda Ayrton Senna
82%
1995 Benetton-Renault Michael Schumacher
82%
1998 McLaren-Mercedes Mika Häkkinen
82%
1988 McLaren-Honda Ayrton Senna
80%
1989 McLaren-Honda Alain Prost
79%
1993 Williams-Renault Alain Prost
77%
1996 Williams-Renault Damon Hill
77%
1997 Williams-Renault Jacques Villeneuve
77%
1986 McLaren-TAG-Porsche Alain Prost
73%
1992 Williams-Renault Nigel Mansell
73%
1977 Ferrari Niki Lauda
73%
1975 Ferrari Niki Lauda
72%
1985 McLaren-TAG-Porsche Alain Prost
71%
1984 McLaren-TAG-Porsche Niki Lauda
71%
1987 Williams-Honda Nelson Piquet
70%
1976 McLaren-Ford James Hunt
69%
1950 Alfa Romeo Giuseppe Farina
68%
1955 Mercedes Juan Manuel Fangio
68%
1954 Maserati-Mercedes Juan Manuel Fangio
68%
1951 Alfa Romeo Juan Manuel Fangio
68%
1953 Ferrari Alberto Ascari
67%
1956 Ferrari Juan Manuel Fangio
67%
1952 Ferrari Alberto Ascari
66%
1957 Maserati Juan Manuel Fangio
66%
1983 Brabham-BMW Nelson Piquet
66%
1982 Williams-Ford Keke Rosberg
65%
1974 McLaren-Ford Emerson Fittipaldi
64%
1973 Tyrrell-Ford Jackie Stewart
64%
1981 Brabham-Ford Nelson Piquet
64%
1972 Lotus-Ford Emerson Fittipaldi
63%
1971 Tyrrell-Ford Jackie Stewart
63%
1979 Ferrari Jody Scheckter
62%
1978 Lotus-Ford Mario Andretti
62%
1969 Matra-Ford Jackie Stewart
61%
1970 Lotus-Ford Jochen Rindt
61%
1980 Williams-Ford Alan Jones
60%
1962 B.R.M Graham Hill
58%
1966 Brabham-Repco Jack Brabham
58%
1965 Lotus-Climax Jim Clark
58%
1963 Lotus-Climax Jim Clark
58%
1961 Ferrari Phil Hill
58%
1968 Lotus-Ford Graham Hill
57%
1960 Cooper-Climax Jack Brabham
57%
1959 Cooper-Climax Jack Brabham
57%
1958 Ferrari Mike Hawthorn
56%
1964 Ferrari John Surtees
55%
1967 Brabham-Repco Denis Hulme
53%
Keine übereinstimmenden Quizze gefunden
Verteilung der Resultate
Anzahl Personen mit jedem Resultat
Perzentil nach korrekt beantworteten Fragen
Ihre Resultats-Entwicklung
Sie haben dieses Quiz seit der letzten Aktualisierung nicht gespielt